| 000 | 00645pam a2200241 a 4500 | ||
|---|---|---|---|
| 001 | 3366593 | ||
| 005 | 20231115020042.0 | ||
| 008 | 870213s1987 enk b 001 0 eng | ||
| 020 | _a0631149724 : | ||
| 020 | _a0631149732 (pbk.) : | ||
| 040 |
_aDLC _cDLC _dDLC |
||
| 082 | 0 | 0 |
_a305.4/2/0944 _219 |
| 100 | _aMoi Trail | ||
| 245 | 0 | 0 |
_aFrench feminist thought : _ba reader / _cedited by Toril Moi. |
| 250 | _a7 th | ||
| 260 |
_aOxford, UK ; _aNew York, NY, USA : _bBlackwell, _c1987. |
||
| 300 | _ax, 260 p. ; | ||
| 500 | _aTranslated from the French. | ||
| 650 | 0 | _aFeminism | |
| 650 | 0 | _aFeminism. | |
| 700 | 1 |
_aMoi, Toril. _eedt |
|
| 942 | _cL | ||
| 999 |
_c15 _d15 |
||